Central Library OPAC University of Rajshahi
Normal view MARC view

Entry Corporate Name

Number of records used in: 2

001 - CONTROL NUMBER

  • control field: 16815

003 - CONTROL NUMBER IDENTIFIER

  • control field: BD-RjUL

005 - DATE AND TIME OF LATEST TRANSACTION

  • control field: 20250908120714.0

008 - FIXED-LENGTH DATA ELEMENTS

  • fixed length control field: 250908|| aca||aabn | a|a d

040 ## - CATALOGING SOURCE

  • Original cataloging agency: BD-RjUL
  • Transcribing agency: BD-RjUL

110 ## - HEADING--CORPORATE NAME

  • Corporate name or jurisdiction name as entry element: Majmaʻ Dār al-Muṣannifīn (Azamgarh, India)

670 ## - SOURCE DATA FOUND

  • Source citation: Work cat.: (BD-RjUL)85662: ندوى، عبدالسلام. ;; Nadvī, ʻAbdussalām. 16814, ‏شعر الهند =Shiʻr al-Hind /